LEADER 01058nam0-22003131i-450- 001 990000318830403321 005 20001010 035 $a000031883 035 $aFED01000031883 035 $a(Aleph)000031883FED01 035 $a000031883 100 $a20001010d--------km-y0itay50------ba 101 0 $aita 105 $ay-------001yy 200 1 $a<>mathematical theory of non-uniform gases. An account of the kinetic theory of viscosity, thermal conduction, anddiffusion in gases.$fBy Sydney Chapman, T.G. Cowling 205 $a2nd edition. 210 $aCambridge$cAt the Univerist y Press$d1960 215 $aXXIII,431 p., 24 cm 676 $a660 700 1$aChapman,$bSydney$017700 702 1$aCowling,$bT.G. 801 0$aIT$bUNINA$gRICA$2UNIMARC 901 $aBK 912 $a990000318830403321 952 $a04 122-16$bCI$fDINCH 959 $aDINCH 996 $aMathematical theory of non-uniform gases. An account of the kinetic theory of viscosity, thermal conduction, anddiffusion in gases$9130097 997 $aUNINA DB $aING01